| 000 | 01280nam0a2200337 4500 | ||
|---|---|---|---|
| 001 | RU\NLR\bibl\2363 | ||
| 005 | 20260406031020.0 | ||
| 010 |
_a5-7849-0053-6 _95000 |
||
| 021 |
_aRU _b97-18713 _9766 |
||
| 035 | _a(NLR Aleph) 000002260 | ||
| 090 |
_a3835 _c3835 |
||
| 100 | _a19980701d1997 |||y0rusy50 ca | ||
| 101 | 0 | _arus | |
| 102 | _aRU | ||
| 105 | _a||||||||||||| | ||
| 200 | 1 |
_aКак управлять персоналом _fЭ.Е. Старобинский |
|
| 205 | _a[3-е изд., перераб. и доп.] | ||
| 210 |
_aМ. _cЗАО "Бух. бюллетень" _d1997 |
||
| 215 |
_a336 с. _cил. _d21 |
||
| 225 | 1 | _aБ-ка журн. "Упр. персоналом" | |
| 300 | _aНа 336 с. авт.: Старобинский Э.Е., профессор-консультант в обл. менеджмента | ||
| 320 | _aБиблиогр. с.: 335 | ||
| 606 | 0 |
_aКадры _xУправление _91230348 _3RU\NLR\auth\66501673 |
|
| 686 | _aУ24(0)0-21 | ||
| 700 | 1 |
_4070 _8rus _7ca _aСтаробинский _bЭ. Е. _gЭдгар Евгеньевич _3RU\NLR\auth\771172 _9111201 |
|
| 801 | 0 |
_aRU _bNLR _c19980701 _gPSBO |
|
| 801 | 1 |
_aRU _bNLR _c19980701 |
|
| 830 | _aАвт. раскрыт по кн. | ||
| 852 |
_aNLR _j97-3/4559 |
||
| 942 | _cBOOK | ||
| 980 | _aNB | ||